| 000 | 01118cab a2200337 4500 | ||
|---|---|---|---|
| 001 | ABS51681 | ||
| 008 | 090401t1994 xxu||||| |||| 00| 0 eng d | ||
| 035 | _a(Sirsi) u39427 | ||
| 041 | _aeng | ||
| 100 | _aHowell, J. | ||
| 245 | _aTimber, dampness and wall tie problems | ||
| 260 | _c1994 | ||
| 350 | _a0 | ||
| 490 |
_aCSM (Chartered Surveyor Monthly) _v4(2) November/December 1994, 33(1) |
||
| 520 | _aExamines a research programme at South Bank University, investigating rising damp in brickwork and looking at the structure of the remedial timber and damp-proofing industry, questioning the ability of the specialists. | ||
| 650 | _aBRE | ||
| 650 | _aBRICKWORK | ||
| 650 | _aDAMP PROOFING | ||
| 650 | _aDEFECTS | ||
| 650 | _aDIAGNOSIS | ||
| 650 | _aELECTRICAL RESISTANCE | ||
| 650 | _aMETERS | ||
| 650 | _aRESEARCH | ||
| 650 | _aRISING DAMP | ||
| 650 | _aSOUTH BANK UNIVERSITY | ||
| 650 | _aWALL TIES | ||
| 650 | _aBUILT ENVIRONMENT-BUILDING ELEMENTS-COMPLETE BUILDING ELEMENTS-WALLS | ||
| 690 | _aBUILDING AND CONSTRUCTION-DEFECTS AND FAILURES | ||
| 942 | _n0 | ||
| 948 | _c04/03/1997 | ||
| 999 |
_c25315 _d25315 |
||